LEADER 02622oam 2200589I 450 001 9910452517003321 005 20200520144314.0 010 $a1-315-03517-0 010 $a1-135-17626-4 024 7 $a10.4324/9781315035178 035 $a(CKB)2550000001117461 035 $a(EBL)1395316 035 $a(OCoLC)870590402 035 $a(SSID)ssj0001167950 035 $a(PQKBManifestationID)11685507 035 $a(PQKBTitleCode)TC0001167950 035 $a(PQKBWorkID)11131040 035 $a(PQKB)11129472 035 $a(MiAaPQ)EBC1395316 035 $a(Au-PeEL)EBL1395316 035 $a(CaPaEBR)ebr10764206 035 $a(CaONFJC)MIL517899 035 $a(OCoLC)900482555 035 $a(EXLCZ)992550000001117461 100 $a20180331d1986 uy 0 101 0 $aeng 135 $aur|n|---||||| 181 $ctxt 182 $cc 183 $acr 200 00$aService industries in developing countries /$fedited by Erdener Kaynak 210 1$aLondon :$cRoutledge,$d1986. 215 $a1 online resource (125 p.) 300 $aDescription based upon print version of record. 311 $a0-7146-3291-0 311 $a1-299-86648-4 320 $aIncludes bibliographical references. 327 $aCover ; Service Industries in Developing Countries; Title Page ; Copyright Page ; Table of Contents ; Notes on Contributors; Editorial; Service Industries in Developing Countries: A Conceptual Framework and Analytical Insights; Marketing Research for Services in Developing Countries: The Use of Unidimensional and Multidimensional Scaling; The Financial Markets Approach to Economic Development in LDCs; Tourism Marketing in a Developing Economy: Frequent and Infrequent Visitors Contrasted; Government as a Service Industry: A Grenadian Case Example 327 $aInternational Business Negotiations: A Turn-key ProjectNew Delivery Technologies and the Globalisation of the Television Programming Industry: The Marketing of Indian Films and Television Programmes in Canada; Temporal and Regional Differences in Image of a Tourist Destination: Implications for Holiday Promoters 330 $aFirst Published in 2004. Routledge is an imprint of Taylor & Francis, an informa company. 606 $aService industries$zDeveloping countries 608 $aElectronic books. 615 0$aService industries 676 $a338.4/6/091724 701 $aKaynak$b Erdener$0109409 801 0$bMiAaPQ 801 1$bMiAaPQ 801 2$bMiAaPQ 906 $aBOOK 912 $a9910452517003321 996 $aService industries in developing countries$91982459 997 $aUNINA LEADER 03595nam 2200613Ia 450 001 9910797957303321 005 20151228162617.0 010 $a1-78560-708-1 035 $a(CKB)3710000000552022 035 $a(EBL)4339913 035 $a(MiAaPQ)EBC4339913 035 $a(MiAaPQ)EBC5017965 035 $a(UtOrBLW)bslw09388207 035 $a(EXLCZ)993710000000552022 100 $a20151228d2015 uy 0 101 0 $aeng 135 $aurun||||||||| 181 $2rdacontent 182 $2rdamedia 183 $2rdacarrier 200 00$aE-services adoption$b[electronic resource] $eprocesses by firms in developing nations /$fedited by Mohammed Quaddus and Arch G. Woodside 205 $aFirst edition. 210 1$aBingley, England :$cEmerald,$d2015. 210 4$dİ2015 215 $a1 online resource (475 p.) 225 1 $aAdvances in business marketing and purchasing,$x1069-0964 ;$vv. 23b 300 $aDescription based upon print version of record. 311 $a1-78560-709-X 320 $aIncludes bibliographical references. 327 $aAcquiring deep knowledge of e-services adoption processes in developing nations / Arch G. Woodside, Mohammed Quaddus -- Factors influencing consumers to use e-services in Indonesian airline companies / Dekar Urumsah -- Adoption of smart card-based e-payment system for retailing in Hong Kong using an extended technology acceptance model / Chun Kit Lok. 330 $aVolume 23b includes two chapters covering problems and implementations of solutions in e-services adoption processes in developing nations. The first documents the unequal access and ICT usage, which is known as digital divide, to be one of the major obstacles to the implementation of e-government systems. This research investigates the digital divide and its direct impact on e-government system success of local governments in Indonesia as well as indirect impact through the mediation role of trust. To achieve a comprehensive understanding of digital divide, this study introduced a new type of digital divide, the innovativeness divide. It provides details for successful policy formulation to improve e-government readiness. The second explores what needs to be done to enable consumers to adopt e-services by airlines in developing nations. It includes new theory and empirical evidence from both qualitative and quantitative studies in response to this issue. Exciting and useful chapters for executives and researchers seeking knowledge and theory of how to influence e-service adoptions in developing nations! 410 0$aAdvances in business marketing & purchasing ;$vv. 23b. 606 $aBusiness & Economics$xStrategic Planning$2bisacsh 606 $aComputers$xInformation Technology$2bisacsh 606 $aBusiness strategy$2bicssc 606 $aBusiness & management$2bicssc 606 $aEconomics, finance, business & management$2bicssc 606 $aComputer networks$zDeveloping countries 606 $aInformation technology$zDeveloping countries 615 7$aBusiness & Economics$xStrategic Planning. 615 7$aComputers$xInformation Technology. 615 7$aBusiness strategy. 615 7$aBusiness & management. 615 7$aEconomics, finance, business & management. 615 0$aComputer networks 615 0$aInformation technology 676 $a303.4833091724 701 $aQuaddus$b M. A$01510423 701 $aWoodside$b Arch G$0107304 801 0$bUtOrBLW 906 $aBOOK 912 $a9910797957303321 996 $aE-services adoption$93848011 997 $aUNINA